000 01453nam a22002537a 4500
003 NALT
005 20251125232948.0
008 s2547 th tha d
020 _a9744176903
040 _aNALT
041 _atha
050 _aDS582
_bจ657พ 2547
245 1 0 _aสมเด็จพระปิยมหาราชพระผู้พระราชทานกำเนิดพิพิธภัณฑสถานเพื่อประชา.
260 _aกรุงเทพฯ :
_bสำนักพิพิธภัณฑสถานแห่งชาติ กรมศิลปากร,
_c2547
300 _a360 หน้า :
_bภาพประกอบ ;
_c29 ซม.
610 _aกรมศิลปากร. สำนักพิพิธภัณฑสถานแห่งชาติ
650 0 4 _aพิพิธภัณฑสถาน
650 0 4 _aจุลจอมเกล้าเจ้าอยู่หัว, พระบาทสมเด็จพระ -- พระราชประวัติ
650 0 4 _aจุลจอมเกล้าเจ้าอยู่หัว, พระบาทสมเด็จพระ -- พระราชประวัติพิพิธภัณฑสถาน
850 _aNALT
856 4 0 _uhttps://hdl.handle.net/20.500.14156/447980
942 _cGB
_2lcc
999 _c44284
_d44284
998 _j109
_k อารีรัตน์ วิชาช่าง